000 00479nam a22001217a 4500
999 _c21435
_d21435
008 240910b ||||| |||| 00| 0 eng d
100 _aObierna, Juan C.
_eauthor.
_960478
245 _aReflections on the assessment practices of teachers in public schools /
_cJuan C. Obierna.
260 _aPhilippines;
_bPublishers Association of the Philippines, Inc.,
_cOctober 2019.
300 _aVolume 168, pages 165-167.
700 _aObierna, Juan C.
_eauthor.
_960478
942 _2ddc
_cPER